00994cam a22002655a 45000010009000000050017000090080041000260200018000670400033000850820020001181000039001382450129001772600033003063000041003395040031003806500032004116500033004436510010004766530033004866550024005197000020005439420008005639990017005719520140005881726643820150812134020.0120421t2012 enka frb 000 0 eng d a9781447122036 aDLCcDLCdDLCdEG-ScBUEbeng04222bSARa671.581 aSaravanan, R.q(Rajendran),d1964-10aMetal and alloy bonding :ban experimental analysis : charge density in metals and alloys /cby R. Saravanan, M. Prema Rani. aLondon :bSpringer,cc.2012. axvi, 151 p. :bill. (col.) ;c25 cm. aBibliography : p. 145-146. 0aMetal bonding.2BUEsh95974 0aCharge density waves.2BUEsh 2BUEsh bCOMAMEcJune2015cAugust2015 vreading book9342321 aRani, M. Prema. 2ddc c19793d19765 00102ddc40708AlahramaMAINbMAINc1STd2015-06-22epurchaseg799.00h299l0o671.58 SARp000038717r2025-07-15 00:00:00v998.75yBB